[Event "EU-ch U12 Girls"]
[Site "Bratislava"]
[Date "2019.08.09"]
[Round "8"]
[White "Karmanova, Olga Dm"]
[Black "Denic, Hana"]
[Result "0-1"]
[WhiteElo "1838"]
[BlackElo "1711"]
[PlyCount "60"]
[EventDate "2019.08.02"]
[EventType "swiss"]
[EventRounds "9"]
[EventCountry "SVK"]
[SourceTitle "EXT 2020"]
[Source "ChessBase"]
[SourceDate "2019.10.17"]
[SourceVersion "1"]
[SourceVersionDate "2019.10.17"]
[SourceQuality "1"]

1. Nf3 Nf6 2. g3 e6 3. Bg2 Be7 4. 0-0 0-0 5. d3 d6 6. e4 e5 7. h3 Be6 8. Be3 c6 9. c3 Qc7 10. Ng5 h6 11. Nxe6 fxe6 12. Qb3 d5 13. Nd2 Nbd7 14. d4 Kh8 15. dxe5 Nxe5 16. f4 Ng6 17. e5 Nh5 18. Qc2 Nxe5 19. fxe5 Qxe5 20. Bd4 Qxg3 21. Rxf8+ Rxf8 22. Nf1 Qg5 23. Be3 Nf4 24. Bxf4 Rxf4 25. Re1 Bc5+ 26. Ne3 Rf3 27. Kh1 Rxe3 28. Rf1 Qg3 29. Rg1 Re1 30. Rxe1 Qxe1+ 0-1

[Event "Paracin Winter op"]
[Site "Paracin"]
[Date "2019.01.31"]
[Round "1"]
[White "Denic, Hana"]
[Black "Radosavljevic, Slobodan D"]
[Result "0-1"]
[WhiteElo "1748"]
[BlackElo "2260"]
[PlyCount "68"]
[EventDate "2019.01.31"]
[EventType "swiss"]
[EventRounds "9"]
[EventCountry "SRB"]
[SourceTitle "CBM 188 Extra"]
[Source "ChessBase"]
[SourceDate "2019.02.26"]
[SourceVersion "1"]
[SourceVersionDate "2019.02.26"]
[SourceQuality "1"]

1. e4 c5 2. Nf3 g6 3. d4 cxd4 4. Nxd4 Bg7 5. Nc3 Nc6 6. Nb3 Nf6 7. Bd3 0-0 8. Be3 d5 9. exd5 Nxd5 10. Qd2 a5 11. a4 Ncb4 12. 0-0 Nxd3 13. cxd3 b6 14. Rfd1 Bb7 15. f3 Rc8 16. d4 Ba6 17. Nxd5 Qxd5 18. Nc1 Rfd8 19. Ne2 Bxe2 20. Qxe2 Rc4 21. b3 Rb4 22. Rac1 Rxb3 23. Bf2 e6 24. Rc4 h6 25. Qc2 Rb4 26. Rxb4 axb4 27. Qc7 Rd6 28. Qc2 Rc6 29. Qb2 b3 30. Rd2 Rc4 31. h3 Rxa4 32. Rd3 Rb4 33. Qc3 Qb5 34. Be1 b2 0-1

[Event "Belgrade Trophy 32nd"]
[Site "Belgrade"]
[Date "2018.11.24"]
[Round "1"]
[White "Maric, Dragan"]
[Black "Denic, Hana"]
[Result "1-0"]
[WhiteElo "2174"]
[BlackElo "1636"]
[PlyCount "95"]
[EventDate "2018.11.24"]
[EventType "swiss"]
[EventRounds "9"]
[EventCountry "SRB"]
[SourceTitle "CBM 187 Extra"]
[Source "ChessBase"]
[SourceDate "2018.11.04"]
[SourceVersion "1"]
[SourceVersionDate "2018.11.04"]
[SourceQuality "1"]

1. e4 e5 2. Nf3 Nc6 3. Bb5 a6 4. Ba4 Nf6 5. 0-0 Be7 6. Re1 b5 7. Bb3 0-0 8. c3 d6 9. h3 Na5 10. Bc2 c5 11. d4 Qc7 12. Nbd2 Nc6 13. Nb3 Nd8 14. Be3 c4 15. Nbd2 Ne8 16. Nf1 g6 17. Bh6 Ng7 18. Ne3 Be6 19. Qd2 f6 20. Rad1 Nf7 21. Nd5 Bxd5 22. exd5 Rad8 23. g4 Qb7 24. Bxg7 Kxg7 25. Be4 Qc8 26. Kh2 Rh8 27. Rg1 Kf8 28. Rg3 f5 29. gxf5 gxf5 30. Bb1 h6 31. Rdg1 e4 32. Qf4 Qd7 33. Bxe4 fxe4 34. Qxe4 Re8 35. Qe6 Qxe6 36. dxe6 Ng5 37. Nh4 Nxe6 38. Rf3+ Bf6 39. Rxf6+ Ke7 40. Rgg6 Kd7 41. d5 Ng5 42. Rxd6+ Kc7 43. Rc6+ Kd7 44. Rg7+ Kd8 45. Rxa6 Re7 46. Ra8+ Kd7 47. Rxe7+ Kxe7 48. Rxh8 1-0

[Event "Wch U12 Girls"]
[Site "Santiago de Compostela"]
[Date "2018.11.15"]
[Round "11"]
[White "Munkhzul, Davaakhuu"]
[Black "Denic, Hana"]
[Result "1-0"]
[WhiteElo "1781"]
[BlackElo "1636"]
[PlyCount "148"]
[EventDate "2018.11.04"]
[EventType "swiss"]
[EventRounds "11"]
[EventCountry "ESP"]
[SourceTitle "EXT 2022"]
[Source "ChessBase"]
[SourceDate "2021.10.06"]
[SourceVersion "1"]
[SourceVersionDate "2021.10.06"]
[SourceQuality "1"]

1. e4 e5 2. Nf3 Nc6 3. Bb5 a6 4. Ba4 Nf6 5. 0-0 Be7 6. Re1 b5 7. Bb3 0-0 8. h3 d6 9. c3 Na5 10. Bc2 c5 11. d4 Qc7 12. Nbd2 Bd7 13. Nf1 Nc4 14. Ng3 Ne8 15. d5 g6 16. b3 Nb6 17. Nh2 Ng7 18. Ng4 Bxg4 19. hxg4 Bh4 20. Qf3 Qe7 21. Kh2 Bg5 22. Rh1 Bxc1 23. Raxc1 Qg5 24. Rcf1 Ne8 25. Kg1 Nf6 26. Bd1 Nbd7 27. Rh3 Kg7 28. Kh2 Rh8 29. Rh1 h6 30. Kg1 Rh7 31. Qe3 Qxe3 32. fxe3 Nb6 33. Kf2 c4 34. Bf3 Nfd7 35. g5 h5 36. Ne2 Rhh8 37. b4 Na4 38. g4 hxg4 39. Rxh8 Rxh8 40. Rxh8 Kxh8 41. Bxg4 Ndb6 42. Ke1 Kg7 43. Kd2 Kf8 44. Ng1 Ke7 45. Bh3 Nd7 46. Nf3 Nab6 47. Nh2 Nf8 48. Bg4 Nh7 49. Nf3 f6 50. Nh4 fxg5 51. Nxg6+ Kf6 52. Bf5 Nxd5 53. Nh8 Ne7 54. Bxh7 Kg7 55. Bf5 Kxh8 56. Bg4 Kg7 57. Ke2 Kf6 58. Kf3 d5 59. a3 Kg6 60. Be6 dxe4+ 61. Kxe4 Kf6 62. Bg4 Nc6 63. Bc8 a5 64. Bd7 axb4 65. axb4 Na7 66. Kd5 Ke7 67. Bf5 g4 68. Bxg4 Kf6 69. Bh3 Kg5 70. Kxe5 Nc6+ 71. Ke4 Kf6 72. Bd7 Na7 73. Kd5 Ke7 74. Bg4 Kd8 1-0

[Event "Wch U12 Girls"]
[Site "Santiago de Compostela"]
[Date "2018.11.13"]
[Round "9"]
[White "Shuqja, Klean"]
[Black "Denic, Hana"]
[Result "1-0"]
[WhiteElo "1798"]
[BlackElo "1636"]
[PlyCount "63"]
[EventDate "2018.11.04"]
[EventType "swiss"]
[EventRounds "11"]
[EventCountry "ESP"]
[SourceTitle "EXT 2022"]
[Source "ChessBase"]
[SourceDate "2021.10.06"]
[SourceVersion "1"]
[SourceVersionDate "2021.10.06"]
[SourceQuality "1"]

1. e4 c5 2. Nf3 e6 3. d4 cxd4 4. Nxd4 Nf6 5. Bd3 d6 6. 0-0 Be7 7. Nc3 0-0 8. Kh1 Nc6 9. Be3 a6 10. f4 e5 11. Nb3 Ng4 12. Bg1 exf4 13. Rxf4 Nce5 14. Be2 Nh6 15. Nd4 Bg5 16. Rf1 g6 17. Nf3 Nxf3 18. Bxf3 Re8 19. Nd5 Rf8 20. Bb6 Qd7 21. h3 f5 22. Bd4 Qf7 23. Nb6 Rb8 24. e5 Qe7 25. Re1 Bf4 26. Nd5 Qh4 27. Nxf4 Qxf4 28. Bd5+ Nf7 29. e6 Bxe6 30. Bxe6 Rbe8 31. Qd3 Qh4 32. Bxf7+ 1-0

[Event "Wch U12 Girls"]
[Site "Santiago de Compostela"]
[Date "2018.11.08"]
[Round "4"]
[White "Denic, Hana"]
[Black "Schiopu, Oana Magdalena"]
[Result "0-1"]
[WhiteElo "1636"]
[BlackElo "1526"]
[PlyCount "106"]
[EventDate "2018.11.04"]
[EventType "swiss"]
[EventRounds "11"]
[EventCountry "ESP"]
[SourceTitle "EXT 2022"]
[Source "ChessBase"]
[SourceDate "2021.10.06"]
[SourceVersion "1"]
[SourceVersionDate "2021.10.06"]
[SourceQuality "1"]

1. e4 c5 2. Nf3 a6 3. Nc3 d6 4. d4 cxd4 5. Nxd4 e6 6. Be3 Be7 7. Qd2 Nd7 8. 0-0-0 Ngf6 9. f3 Qc7 10. g4 h6 11. h4 b5 12. a3 Rb8 13. Bd3 Ne5 14. g5 Nfd7 15. f4 Nc4 16. Qe1 h5 17. g6 b4 18. gxf7+ Kxf7 19. axb4 Rxb4 20. Bxc4 Qxc4 21. Nb3 Qc7 22. Nd5 exd5 23. Qxb4 dxe4 24. Qxe4 Bb7 25. Qf5+ Nf6 26. Rh2 Be4 27. Qa5 Qb7 28. Qb6 Qc8 29. c3 Bh7 30. Nd4 Be4 31. Re2 Nd7 32. Qb3+ d5 33. Rdd2 Nc5 34. Qb6 Rh6 35. Qa7 Rd6 36. Nc2 Rd7 37. Qb6 Rb7 38. Bxc5 Rxb6 39. Bxb6 Bxh4 40. Nb4 Qb7 41. Bf2 Bf6 42. Bd4 Be7 43. Nd3 Qb5 44. Nf2 Bf5 45. Bxg7 h4 46. Bd4 h3 47. Re1 Bh4 48. Rh1 Bxf2 49. Bxf2 Qa4 50. Re2 Qa1+ 51. Kd2 Qxb2+ 52. Kd1 Qb1+ 53. Kd2 Qc2+ 0-1

[Event "Wch U12 Girls"]
[Site "Santiago de Compostela"]
[Date "2018.11.05"]
[Round "2"]
[White "Denic, Hana"]
[Black "Kairbekova, Amina"]
[Result "0-1"]
[WhiteElo "1636"]
[BlackElo "1939"]
[PlyCount "74"]
[EventDate "2018.11.04"]
[EventType "swiss"]
[EventRounds "11"]
[EventCountry "ESP"]
[SourceTitle "EXT 2022"]
[Source "ChessBase"]
[SourceDate "2021.10.06"]
[SourceVersion "1"]
[SourceVersionDate "2021.10.06"]
[SourceQuality "1"]

1. e4 e6 2. d4 d5 3. Nc3 Bb4 4. e5 c5 5. Nf3 Nc6 6. Bd2 cxd4 7. Nb5 Bc5 8. a4 a6 9. Na3 Qc7 10. Qe2 Nge7 11. g3 Ng6 12. Bg2 Ngxe5 13. 0-0 Nxf3+ 14. Bxf3 0-0 15. Bg2 Qd6 16. Qh5 e5 17. Nb1 Be6 18. Kh1 Qd7 19. h3 e4 20. Bf4 Rfe8 21. g4 Bd6 22. Bxd6 Qxd6 23. Nd2 Nb4 24. Rac1 Rac8 25. c4 e3 26. fxe3 dxe3 27. Nf3 e2 28. Rg1 Nd3 29. Qh4 Nxc1 30. Rxc1 Bd7 31. Re1 dxc4 32. Ng5 Qg6 33. Kg1 Bc6 34. Bxc6 Rxc6 35. Nf3 Qe4 36. Qg3 Rf6 37. Kg2 h6 0-1

[Event "EU-ch U12 Girls 28th"]
[Site "Riga"]
[Date "2018.08.21"]
[Round "2"]
[White "Denic, Hana"]
[Black "Bashylina, Luisa"]
[Result "0-1"]
[WhiteElo "1631"]
[BlackElo "1817"]
[PlyCount "122"]
[EventDate "2018.08.20"]
[EventType "swiss"]
[EventRounds "9"]
[EventCountry "LAT"]
[SourceTitle "CBM 186 Extra"]
[Source "ChessBase"]
[SourceDate "2018.08.24"]
[SourceVersion "1"]
[SourceVersionDate "2018.08.24"]
[SourceQuality "1"]

1. e4 c5 2. Nf3 e6 3. d4 cxd4 4. Nxd4 a6 5. Nc3 Qc7 6. a3 Nf6 7. f4 d6 8. Be3 Nbd7 9. Qf3 b5 10. g4 d5 11. e5 Ne4 12. Nxe4 dxe4 13. Qf2 Bc5 14. 0-0-0 Nb6 15. Kb1 0-0 16. Bg2 Bb7 17. Nf5 Bxe3 18. Nxe3 Qc5 19. Qd2 a5 20. Qd4 Qc6 21. Qd6 Na4 22. Qxc6 Bxc6 23. Rd6 Rac8 24. c3 Nc5 25. Rhd1 g6 26. g5 Ba8 27. Ng4 Kg7 28. Bf1 Bc6 29. Re1 Rfd8 30. Red1 Rf8 31. h4 Nb7 32. R6d4 Nc5 33. Ka2 Bd5+ 34. c4 bxc4 35. Bxc4 Ba8 36. b4 axb4 37. axb4 Na4 38. Kb3 Nb6 39. Nf6 Nxc4 40. Rxc4 Rxc4 41. Kxc4 Rc8+ 42. Kb3 Bb7 43. Re1 Bd5+ 44. Nxd5 exd5 45. Ka4 Kf8 46. Re3 Ke7 47. b5 Ke6 48. b6 Kf5 49. Kb5 d4 50. Re1 d3 51. b7 Re8 52. Kc4 Rd8 53. b8Q Rxb8 54. Kd4 d2 55. Rd1 Rd8+ 56. Ke3 Rd3+ 57. Ke2 Kxf4 58. Rf1+ Rf3 59. Ra1 e3 60. Ra6 Rf2+ 61. Kd1 Rf1+ 0-1

[Event "Wch U10 Girls"]
[Site "Batumi"]
[Date "2016.10.29"]
[Round "10.24"]
[White "Shuqja, Klean"]
[Black "Denic, Hana"]
[Result "0-1"]
[WhiteElo "1591"]
[BlackElo "1345"]
[PlyCount "62"]
[EventDate "2016.10.19"]
[EventType "swiss"]
[EventRounds "11"]
[EventCountry "GEO"]
[SourceTitle "EXT 2018"]
[Source "ChessBase"]
[SourceDate "2017.10.13"]
[SourceVersion "1"]
[SourceVersionDate "2017.10.13"]
[SourceQuality "1"]

1. e4 e5 2. Nf3 Nc6 3. Bc4 Bc5 4. c3 Nf6 5. d3 d6 6. 0-0 0-0 7. Nbd2 Bb6 8. Re1 Ne7 9. Nf1 Ng6 10. Ng3 c6 11. Bb3 Re8 12. h3 h6 13. d4 Be6 14. Qc2 Qd7 15. Kh2 Bxb3 16. Qxb3 Re6 17. Be3 exd4 18. Bxd4 Bxd4 19. Nxd4 Re5 20. Rad1 Rae8 21. f3 Qc8 22. Ndf5 Qc7 23. Nxd6 R8e6 24. Ndf5 Nh5 25. c4 Nxg3 26. Nxg3 Rg5 27. f4 Nxf4 28. Re3 Reg6 29. Kh1 Nxh3 30. gxh3 Rxg3 31. Rxg3 Rxg3 0-1

[Event "Wch U10 Girls"]
[Site "Batumi"]
[Date "2016.10.28"]
[Round "9.28"]
[White "Denic, Hana"]
[Black "De Villiers, Anri"]
[Result "1-0"]
[WhiteElo "1345"]
[BlackElo "1237"]
[PlyCount "35"]
[EventDate "2016.10.19"]
[EventType "swiss"]
[EventRounds "11"]
[EventCountry "GEO"]
[SourceTitle "EXT 2018"]
[Source "ChessBase"]
[SourceDate "2017.10.13"]
[SourceVersion "1"]
[SourceVersionDate "2017.10.13"]
[SourceQuality "1"]

1. e4 c5 2. Nf3 d6 3. d4 cxd4 4. Nxd4 Nf6 5. Nc3 a6 6. Bg5 e6 7. f4 Be7 8. Qf3 0-0 9. 0-0-0 e5 10. Nf5 Qc7 11. Nxe7+ Qxe7 12. Nd5 Qd7 13. Bxf6 Qg4 14. Ne7+ Kh8 15. Nxc8 Qxc8 16. Be7 Re8 17. Bxd6 exf4 18. Qxf4 1-0

[Event "Wch U10 Girls"]
[Site "Batumi"]
[Date "2016.10.20"]
[Round "2"]
[White "Surovtseva, Alisa"]
[Black "Denic, Hana"]
[Result "1-0"]
[WhiteElo "1551"]
[BlackElo "1345"]
[PlyCount "77"]
[EventDate "2016.10.19"]
[EventType "swiss"]
[EventRounds "11"]
[EventCountry "GEO"]
[SourceTitle "EXT 2018"]
[Source "ChessBase"]
[SourceDate "2017.10.13"]
[SourceVersion "1"]
[SourceVersionDate "2017.10.13"]
[SourceQuality "1"]

1. e4 e5 2. Nf3 Nc6 3. Nc3 Nf6 4. Bb5 d6 5. d4 exd4 6. Nxd4 Bd7 7. Bxc6 Bxc6 8. Nxc6 bxc6 9. Qf3 Be7 10. e5 dxe5 11. Qxc6+ Nd7 12. Nb5 0-0 13. 0-0 Nb6 14. Be3 Qd7 15. Qxd7 Nxd7 16. Nxc7 Rac8 17. Nd5 Bc5 18. Rad1 Nf6 19. Nxf6+ gxf6 20. Bxc5 Rxc5 21. c3 Rb8 22. Rd2 Rcb5 23. b3 Rc5 24. c4 Rc6 25. Rfd1 Rcc8 26. Rd7 Ra8 27. Kf1 Kf8 28. Ke2 Ke8 29. Ke3 f5 30. R7d5 f6 31. Rd7 Rd8 32. Rxd8+ Rxd8 33. Rxd8+ Kxd8 34. g3 Ke7 35. b4 Kd6 36. a4 Kc6 37. Kd3 a6 38. b5+ axb5 39. axb5+ 1-0

[Event "EU-ch U10 Girls 26th"]
[Site "Prague"]
[Date "2016.08.26"]
[Round "8"]
[White "Denic, Hana"]
[Black "Cornileau, Juliette"]
[Result "1-0"]
[WhiteElo "1412"]
[BlackElo "1317"]
[PlyCount "165"]
[EventDate "2016.08.18"]
[EventType "swiss"]
[EventRounds "9"]
[EventCountry "CZE"]
[SourceTitle "CBM 174 Extra"]
[Source "ChessBase"]
[SourceDate "2016.10.10"]
[SourceVersion "1"]
[SourceVersionDate "2016.10.10"]
[SourceQuality "1"]

1. e4 e5 2. Nf3 Nf6 3. d3 Nc6 4. Nc3 Be7 5. Be3 d6 6. Qd2 Be6 7. d4 exd4 8. Nxd4 Nxd4 9. Bxd4 c6 10. f3 Qc7 11. 0-0-0 0-0-0 12. Qe3 c5 13. Bxf6 Bxf6 14. Nb5 Qb6 15. a3 Kb8 16. Be2 Rhe8 17. Rd2 a6 18. Nc3 Bd4 19. Qd3 Bf2 20. Nd1 Bd4 21. f4 Bf6 22. g4 d5 23. Qg3 Ka8 24. e5 Be7 25. Bf3 d4 26. Bg2 h6 27. h3 g5 28. Rf1 gxf4 29. Qf2 Bd5 30. Bxd5 Rxd5 31. c3 Rdd8 32. Rd3 dxc3 33. Rxc3 Rc8 34. Kb1 Qg6+ 35. Ka1 Qe6 36. Qxf4 Bg5 37. Qxf7 Qxe5 38. Rb3 Qc7 39. Qf3 Qc6 40. Qg3 Rcd8 41. h4 Be7 42. Ne3 Bd6 43. Qh3 Qd7 44. Nf5 Bf8 45. Ne3 Qe6 46. Nf5 Qg6 47. h5 Qg5 48. Qf3 Rd7 49. Ne3 Qg8 50. Nf5 Qf7 51. Qh3 Qe6 52. Qf3 Qd5 53. Qxd5 Rxd5 54. Re3 Rxe3 55. Nxe3 Rd8 56. Nd5 Kb8 57. Nb6 Kc7 58. Nd5+ Kc6 59. Nf4 Re8 60. Ng6 Bg7 61. Rf7 Bd4 62. Ne7+ Kb5 63. Ka2 b6 64. Nf5 Rh8 65. Nxd4+ cxd4 66. b3 Kc5 67. Kb2 b5 68. Kc2 Rd8 69. Kd3 a5 70. Rf6 Rd6 71. Rxd6 Kxd6 72. Kxd4 b4 73. axb4 axb4 74. Kc4 Kc6 75. Kxb4 Kb6 76. Kc4 Kc6 77. b4 Kd6 78. b5 Kc7 79. Kc5 Kc8 80. Kc6 Kb8 81. Kb6 Ka8 82. Kc7 Ka7 83. b6+ 1-0

[Event "EU-ch U10 Girls 26th"]
[Site "Prague"]
[Date "2016.08.22"]
[Round "5"]
[White "Simalcikova, Sara"]
[Black "Denic, Hana"]
[Result "0-1"]
[WhiteElo "1071"]
[BlackElo "1412"]
[PlyCount "100"]
[EventDate "2016.08.18"]
[EventType "swiss"]
[EventRounds "9"]
[EventCountry "CZE"]
[SourceTitle "CBM 174 Extra"]
[Source "ChessBase"]
[SourceDate "2016.10.10"]
[SourceVersion "1"]
[SourceVersionDate "2016.10.10"]
[SourceQuality "1"]

1. e4 e5 2. Nf3 Nc6 3. Bc4 Bc5 4. Nc3 Nf6 5. h3 d6 6. d3 Be6 7. Bb3 Qd7 8. Bg5 h6 9. Bh4 g5 10. Bg3 0-0-0 11. a3 Nh7 12. Bxe6 Qxe6 13. b4 Bb6 14. 0-0 g4 15. hxg4 Qxg4 16. Nh4 Qxg3 17. Nf5 Qg5 18. Qe2 Rhg8 19. Ne3 Nd4 20. Qd1 f5 21. Rc1 f4 22. Qg4+ Qxg4 23. Nxg4 Rxg4 24. Kh2 Rdg8 25. Nd5 Rxg2+ 26. Kh1 Kd8 27. Rg1 Rxg1+ 28. Rxg1 Rxg1+ 29. Kxg1 Nxc2 30. Kg2 Nxa3 31. Kh3 Bxf2 32. Kg4 Nb1 33. Kf5 c6 34. Nf6 Nxf6 35. Kxf6 Bh4+ 36. Kg6 f3 37. Kxh6 f2 38. Kh5 f1Q 39. Kxh4 Qe1+ 40. Kh3 Qf1+ 41. Kh2 Qxd3 42. Kg2 Qxe4+ 43. Kf2 Qxb4 44. Ke2 e4 45. Ke3 d5 46. Ke2 Qc4+ 47. Ke3 Qd3+ 48. Kf2 e3+ 49. Ke1 Qd2+ 50. Kf1 Qf2# 0-1